| LEADER |
00756nam0a2200217 450 |
| 001 |
16832228 |
| 010 |
|
|
|a 978-2-36981-177-0
|b rel.
|d 14
|
| 100 |
|
|
|a 20170410d2026 u u0frey01 ba
|
| 101 |
0 |
|
|a fre
|
| 102 |
|
|
|a FR
|
| 200 |
0 |
|
|a écailles d'or (Les)
|f scénario et storyboard, Richard Marazano
|g dessin et couleurs, Xu Yao
|
| 207 |
|
1 |
|a
|
| 210 |
|
|
|a Paris
|c Rue de Sèvres
|d DL 2017
|
| 215 |
|
|
|a 1 vol. (60 p.)
|c ill. en coul.
|d 32 cm
|
| 225 |
1 |
|
|a Yin et le dragon
|v 2
|
| 461 |
|
0 |
|t Yin et le dragon
|v 2
|
| 700 |
|
0 |
|a Marazano
|b Richard
|f 1971-....
|4 70
|
| 702 |
|
0 |
|a Xu
|b Yao
|f 1987-....
|4 440
|
| 900 |
|
|
|a Bande Dessinée enfant ado
|
| 901 |
|
|
|a Accessible au prêt
|
| 995 |
|
|
|a Bibliothèque
|c Bibliothèque
|f 024019816
|h 024019816
|k BD MAR
|o p
|q j
|r az
|e Bibliothèque
|